000 00809nam a2200265 a 4500
001 23441
003 CO-ViMGA
008 141112s2004 ck r 000 u spa d
015 _ack - 2008 - xxxx
020 _a9789584219831 9584219839
040 _aCO-ViMGA
_bspa
_cCO-ViMGA
082 0 4 _aCo863.6 A113
100 1 _aFaciolince, Héctor Abad, 1950 -
_933793
245 1 0 _aEl amanecer de un marido /
_cHéctor Abad Faciolince.
250 _a2a. ed.
260 _aBogotá :
_bPlaneta,
_c2008.
300 _a225 p. ; 24 cm.
490 _aSeix Barral. Biblioteca breve
596 _a5 7
598 _aNEW - GRAL
650 1 4 _aMatrimonio - Novela
_933794
917 _a2009 - 2098 2 ejemplares
942 _2ddc
_cBK
990 _a2009 - 2098 Editorial Planeta Colombiana 2 ejemplares 21 23042009 a669115
999 _c31594
_d31594